| Tag |
First Indicator |
Second Indicator |
Subfields |
| LEADER |
00000cam a2200000Ia 4500 |
| 001 |
in00001702328 |
| 005 |
20151024153050.0 |
| 008 |
020916s2001 ru c 000 0arusod |
| 035 |
|
|
|a (OCoLC)ocm50610509
|
| 040 |
|
|
|a TXA
|c TXA
|d UtOrBLW
|
| 041 |
1 |
|
|a rus
|h eng
|
| 043 |
|
|
|a e-ur---
|
| 049 |
|
|
|a TXAM
|
| 090 |
|
|
|a DK219.6.A4
|b A3 2001
|
| 100 |
0 |
|
|a Aleksandr Mikhaĭlovich,
|c Grand Duke of Russia,
|d 1866-1933.
|
| 240 |
1 |
0 |
|a Once a Grand Duke.
|l Russian
|
| 245 |
1 |
0 |
|a Vospominanii︠a︡ :
|b obe knigi v odnom tome /
|c Velikiĭ kni︠a︡zʹ Aleksandr Mikhaĭlovich.
|
| 250 |
|
|
|a 2 izd., ispr.
|
| 264 |
|
1 |
|a Moskva :
|b Zakharov,
|c 2001.
|
| 300 |
|
|
|a 524 pages :
|b illustrations ;
|c 20 cm.
|
| 336 |
|
|
|a text
|b txt
|2 rdacontent
|
| 337 |
|
|
|a unmediated
|b n
|2 rdamedia
|
| 338 |
|
|
|a volume
|b nc
|2 rdacarrier
|
| 600 |
0 |
0 |
|a Aleksandr Mikhaĭlovich,
|c Grand Duke of Russia,
|d 1866-1933.
|
| 650 |
|
0 |
|a Nobility
|z Russia
|v Biography.
|
| 700 |
0 |
2 |
|a Aleksandr Mikhaĭlovich,
|c Grand Duke of Russia,
|d 1866-1933.
|t Always a grand duke.
|l Russian.
|
| 948 |
|
|
|a cataloged
|b h
|c 2002/9/16
|d c
|e tchubaryan
|f 12:47:21 pm
|
| 949 |
|
|
|a updated
|b h
|c 2002/9/16
|e tchubaryan
|f 12:47:25 pm
|
| 994 |
|
|
|a E0
|b TXA
|
| 999 |
|
|
|a MARS
|
| 999 |
f |
f |
|s fc5d49a3-6c72-33ee-87b9-b3c2152a45cf
|i 9a54ca58-76d5-3fa7-ba3f-4790eadb8a07
|t 0
|
| 952 |
f |
f |
|p ric
|a Texas A&M University
|b Rellis Campus
|c Joint Library Facility
|d Remote Storage
|t 0
|e DK219.6.A4 A3 2001
|h Library of Congress classification
|i unmediated -- volume
|m A14829230734
|
| 998 |
f |
f |
|a DK219.6.A4 A3 2001
|t 0
|l Remote Storage
|